Pravidlá kontrolnej činnosti v samospráve obcí.
Materiál má slúžiť ako metodická pomôcka pre obce a mestá a má napomôcť riešiť odborné a praktické otázky kontroly v samospráve obcí a miest. Uvedenie vzoru všeobecne záväzného nariadenia obce, ktorý môže pomôcť obciam (mestám) upraviť si kontrolný systém vyhovujúci ich konkrétnym podmienkam a potre...
Salvato in:
| Autore principale: | |
|---|---|
| Altri autori: | |
| Natura: | Capitolo di libro |
| Lingua: | slovacco |
| Soggetti: | |
| Tags: |
Nessun Tag, puoi essere il primo ad aggiungerne!!
|
MARC
| LEADER | 00000naa a2200000 4500 | ||
|---|---|---|---|
| 001 | r012062 | ||
| 005 | 20220826094413.8 | ||
| 041 | 0 | |a slo | |
| 044 | |a SK | ||
| 245 | 1 | 0 | |a Pravidlá kontrolnej činnosti v samospráve obcí. |c Gejza Petrík, J. Práznovský |
| 520 | |a Materiál má slúžiť ako metodická pomôcka pre obce a mestá a má napomôcť riešiť odborné a praktické otázky kontroly v samospráve obcí a miest. Uvedenie vzoru všeobecne záväzného nariadenia obce, ktorý môže pomôcť obciam (mestám) upraviť si kontrolný systém vyhovujúci ich konkrétnym podmienkam a potrebám. | ||
| 610 | 2 | 0 | |a obce |
| 610 | 2 | 0 | |a mestá |
| 610 | 2 | 0 | |a samospráva |
| 610 | 2 | 0 | |a kontrola |
| 610 | 2 | 0 | |a metodika |
| 610 | 2 | 0 | |a Slovensko |
| 100 | 1 | |a Petrík, Gejza | |
| 700 | 1 | |a Práznovský, J. | |